[Event "Canadian op U1400"]
[Site "Sault Ste Marie"]
[Date "2017.07.15"]
[Round "8"]
[White "Hay, John"]
[Black "Bai, Kingsley"]
[Result "1-0"]
[WhiteElo "1002"]
[BlackElo "652"]
[PlyCount "55"]
[EventDate "2017.07.11"]
[EventType "swiss"]
[EventRounds "9"]
[EventCountry "CAN"]
[SourceTitle "EXT 2022"]
[Source "ChessBase"]
[SourceDate "2021.10.06"]
[SourceVersion "1"]
[SourceVersionDate "2021.10.06"]
[SourceQuality "1"]

1. e4 e6 2. d4 d5 3. e5 c5 4. c3 Nc6 5. Nf3 Qb6 6. Bd3 cxd4 7. cxd4 Bd7 8. 0-0 0-0-0 9. Qc2 f6 10. Bd2 fxe5 11. Nxe5 Bd6 12. Nf7 Rf8 13. Nxd6+ Kb8 14. Bc3 Qc7 15. Nb5 Qf4 16. Bb4 Rc8 17. Bd6+ Qxd6 18. Nxd6 Rf8 19. Bb5 Nxd4 20. Qd3 Nxb5 21. Nxb5 Bxb5 22. Qxb5 Rf6 23. Qe8+ Kc7 24. Rc1+ Kd6 25. Qb8+ Ke7 26. Qxb7+ Kd6 27. Qxa7 Rg6 28. Qc7# 1-0

[Event "Canadian op U1400"]
[Site "Sault Ste Marie"]
[Date "2017.07.14"]
[Round "7"]
[White "Hay, John"]
[Black "Wang, Arthur D"]
[Result "1-0"]
[WhiteElo "1002"]
[BlackElo "634"]
[PlyCount "111"]
[EventDate "2017.07.11"]
[EventType "swiss"]
[EventRounds "9"]
[EventCountry "CAN"]
[SourceTitle "EXT 2022"]
[Source "ChessBase"]
[SourceDate "2021.10.06"]
[SourceVersion "1"]
[SourceVersionDate "2021.10.06"]
[SourceQuality "1"]

1. e4 c5 2. Nf3 g6 3. d4 cxd4 4. Nxd4 Bg7 5. f4 d6 6. Nc3 Nc6 7. Be3 Nf6 8. e5 dxe5 9. Nxc6 Qxd1+ 10. Rxd1 bxc6 11. fxe5 Ng4 12. Bd4 Nxe5 13. Kd2 Nc4+ 14. Kc1 Bxd4 15. Rxd4 Nd6 16. Bd3 Kd7 17. Ne4 e5 18. Rxd6+ Kc7 19. Rf6 Be6 20. Ng5 Bxa2 21. b3 Rab8 22. Rxf7+ Kb6 23. Kb2 Bxb3 24. cxb3 h6 25. Ne4 Rbd8 26. Kc3 a6 27. Re7 Rhe8 28. Rh7 Rh8 29. Rxh8 Rxh8 30. Ra1 Ra8 31. Nd2 c5 32. Nc4+ Kb5 33. Nxe5+ Kb6 34. Nxg6 h5 35. Nf4 h4 36. Ng6 h3 37. gxh3 a5 38. Re1 a4 39. Re6+ Ka5 40. bxa4 Kxa4 41. Ra6+ Rxa6 42. Bxa6 Ka5 43. Bf1 Kb6 44. h4 Kc6 45. h5 Kd6 46. h6 Ke6 47. h7 Kf7 48. h8Q Kxg6 49. Bd3+ Kf7 50. h4 Ke7 51. h5 Kd6 52. h6 Kc7 53. h7 Kb7 54. Qg7+ Kb6 55. h8Q Ka5 56. Qa7# 1-0

[Event "Canadian op U1400"]
[Site "Sault Ste Marie"]
[Date "2017.07.12"]
[Round "3.67"]
[White "Jiang, William"]
[Black "Hay, John"]
[Result "1-0"]
[WhiteElo "659"]
[BlackElo "1002"]
[PlyCount "23"]
[EventDate "2017.07.11"]
[EventType "swiss"]
[EventRounds "9"]
[EventCountry "CAN"]
[SourceTitle "EXT 2022"]
[Source "ChessBase"]
[SourceDate "2021.10.06"]
[SourceVersion "1"]
[SourceVersionDate "2021.10.06"]
[SourceQuality "1"]

1. e4 c5 2. Nf3 d6 3. d4 cxd4 4. Nxd4 Nf6 5. Nc3 a6 6. Bc4 e6 7. Be3 Ng4 8. Qxg4 e5 9. Qf3 Qf6 10. Nf5 b5 11. Bd5 Ra7 12. Bxa7 1-0